Giáo trình múa

Đã lưu trong:
Sonraí Bibleagrafaíochta
Formáid: Leabhar
Clibeanna: Cuir Clib Leis
Gan Chlibeanna, Bí ar an gcéad duine leis an taifead seo a chlibeáil!
Thư viện lưu trữ: Mạng thư viện Đại học Đà Nẵng
LEADER 00554nam a2200193 4500
001 000013983
003 10335
005 20150812150857.0
008 120327s sd
245 0 0 |a Giáo trình múa  |c Trần, Minh Trí 
774 |a Trần, Minh Trí  |d Đại học Sư phạm  |d H.  |d 2007  |g T.2  |h 61 tr.  |t Giáo trình Múa  |w 10337 
OWN |a LSP 
999 |a From the UDN01 
TYP |a Monograph 
TYP |a Printed language 
980 |a Mạng thư viện Đại học Đà Nẵng